Sustainability and the Social Sciences : (Record no. 3060)

MARC details
000 -LEADER
fixed length control field 01478cam a22003494a 4500
001 - CONTROL NUMBER
control field 4048612
003 - CONTROL NUMBER IDENTIFIER
control field OSt
005 - DATE AND TIME OF LATEST TRANSACTION
control field 20240409130003.0
008 - FIXED-LENGTH DATA ELEMENTS--GENERAL INFORMATION
fixed length control field 990308s1999 enka b 001 0 eng
010 ## - LIBRARY OF CONGRESS CONTROL NUMBER
LC control number 99024860
020 ## - INTERNATIONAL STANDARD BOOK NUMBER
International Standard Book Number 1856497089 (hb)
020 ## - INTERNATIONAL STANDARD BOOK NUMBER
International Standard Book Number 1856497097 (pbk.)
040 ## - CATALOGING SOURCE
Original cataloging agency DLC
Transcribing agency DLC
Modifying agency DLC
042 ## - AUTHENTICATION CODE
Authentication code pcc
050 00 - LIBRARY OF CONGRESS CALL NUMBER
Classification number HD75.6
Item number .S858 1999
082 00 - DEWEY DECIMAL CLASSIFICATION NUMBER
Classification number 306.3 SUS 1999
Edition number 21
100 ## - MAIN ENTRY--PERSONAL NAME
Relator code Edited by Egon Becker and Thomas Jahn.
9 (RLIN) 16951
245 00 - TITLE STATEMENT
Title Sustainability and the Social Sciences :
Remainder of title a cross-disciplinary approach to integrating environmental considerations into theoretical reorientation
260 ## - PUBLICATION, DISTRIBUTION, ETC. (IMPRINT)
Name of publisher, distributor, etc. Zed Books ;
-- Distributed in the USA by St. Martin's Press,
Date of publication, distribution, etc. 1999.
300 ## - PHYSICAL DESCRIPTION
Extent xvi, 336 p. :
Other physical details ill. ;
Dimensions 25 cm.
500 ## - GENERAL NOTE
General note Published in association with UNESCO and ISOE.
504 ## - BIBLIOGRAPHY, ETC. NOTE
Bibliography, etc Includes bibliographical references (p. 290-327) and index.
650 #0 - SUBJECT ADDED ENTRY--TOPICAL TERM
Topical term or geographic name as entry element Sustainable development.
9 (RLIN) 1103
650 #0 - SUBJECT ADDED ENTRY--TOPICAL TERM
Topical term or geographic name as entry element Social sciences.
9 (RLIN) 312
856 42 - ELECTRONIC LOCATION AND ACCESS
Materials specified Contributor biographical information
Uniform Resource Identifier http://www.loc.gov/catdir/bios/hol058/99024860.html
856 42 - ELECTRONIC LOCATION AND ACCESS
Materials specified Publisher description
Uniform Resource Identifier http://www.loc.gov/catdir/description/hol056/99024860.html
856 41 - ELECTRONIC LOCATION AND ACCESS
Materials specified Table of contents
Uniform Resource Identifier http://www.loc.gov/catdir/toc/hol053/99024860.html
906 ## - LOCAL DATA ELEMENT F, LDF (RLIN)
a 7
b cbc
c orignew
d 1
e ocip
f 19
g y-gencatlg
942 ## - ADDED ENTRY ELEMENTS (KOHA)
Source of classification or shelving scheme Dewey Decimal Classification
Koha item type Short Loan
Holdings
Withdrawn status Lost status Source of classification or shelving scheme Damaged status Not for loan Home library Current library Date acquired Inventory number Total Checkouts Full call number Barcode Date last seen Koha item type
    Dewey Decimal Classification     MUST Main Library MUST Main Library 22/02/2016 03/19683   306.3 SUS 1999 2016-0203 22/02/2016 Short Loan
    Dewey Decimal Classification     MUST Main Library MUST Main Library 30/03/2016 03/19684   306.3 SUS 1999 2016-0565 30/03/2016 Short Loan